| 000 | 00592nam a2200193Ia 4500 | ||
|---|---|---|---|
| 003 | GCL | ||
| 008 | 140319s9999 xx 000 0 ara d | ||
| 040 |
_aGCL / _cGCL |
||
| 082 | 0 | 4 |
_a953.01 _bج ع |
| 100 | 1 | _aجرجى زيدان | |
| 245 | 1 | 0 |
_aالعرب قبل الاسلام / _cجرجى زيدان |
| 260 |
_aبيروت : _bمنشورات دار مكتبة الحياه |
||
| 300 |
_a344 ص ؛ _c24 سم |
||
| 650 | 0 | 4 | _aالعصر الجاهلى |
| 650 | 0 | 4 | _aالعالم العربى |
| 650 | 0 | 4 | _aتاريخ |
| 650 | 0 | 4 | _aشبه الجزيرة العربية |
| 942 |
_2ddc _cBK |
||
| 999 |
_c32455 _d32455 |
||